000 00309nam a22001457a 4500
008 230719b ||||| |||| 00| 0 eng d
020 _a9780393027058
041 _aeng
080 _a573
082 _a573GOU
100 _a16
101 _aBIOGJ
245 _aWONDERFULL LIFE
_cGOULD J S
942 _2udc
_cBK
999 _c60180
_d60180